000 00386nam a2200145Ia 4500
008 230917s9999||||xx |||||||||||||| ||und||
040 _e227747
_aMAIN
041 _aEnglish
082 _a362.26 F 918 S
100 _aFrith, Christopher
245 0 _aSchizophrenia: A very short introduction.
260 _aOxford
_bOxford University Press
_c2003
300 _aX,197 p.
942 _cBK
999 _c151329
_d151329